[Event "Asia-ch Amateur"]
[Site "Muscat"]
[Date "2022.10.03"]
[Round "7"]
[White "Atharv, Bansal"]
[Black "Krishanu, Sai"]
[Result "1-0"]
[WhiteElo "1164"]
[BlackElo "1748"]
[PlyCount "89"]
[EventDate "2022.09.29"]
[EventType "swiss"]
[EventRounds "9"]
[EventCountry "OMN"]
[SourceTitle "CBM 210 Extra"]
[Source "ChessBase"]
[SourceDate "2022.11.30"]
[SourceVersion "1"]
[SourceVersionDate "2022.11.30"]
[SourceQuality "1"]

1. e4 e5 2. Nf3 Nc6 3. Bc4 Bc5 4. c3 Nf6 5. d4 exd4 6. e5 d5 7. Bb5 Ne4 8. cxd4 Bb4+ 9. Bd2 Be7 10. Nc3 Nxc3 11. bxc3 Bf5 12. 0-0 0-0 13. Bf4 Qd7 14. Re1 Qe6 15. Bg5 Bxg5 16. Nxg5 Qg6 17. Qd2 Nd8 18. Nf3 Qh5 19. Qg5 Qxg5 20. Nxg5 h6 21. Nf3 Ne6 22. Rad1 Rfd8 23. Nh4 Bh7 24. Bd3 Bxd3 25. Rxd3 c5 26. Nf5 cxd4 27. cxd4 Kf8 28. Nd6 Rd7 29. Rc1 f6 30. g3 fxe5 31. dxe5 d4 32. f4 g6 33. Rf1 Kg8 34. g4 g5 35. f5 Nf4 36. Rxf4 gxf4 37. Rxd4 Re7 38. e6 Rd8 39. Kg2 Kh7 40. Kf3 Kg7 41. Kxf4 b6 42. Ke5 Rf8 43. f6+ Rxf6 44. Nf5+ Rxf5+ 45. gxf5 1-0

[Event "Asia-ch Amateur"]
[Site "Muscat"]
[Date "2022.09.30"]
[Round "2"]
[White "Krishanu, Sai"]
[Black "Shelke, Omkar"]
[Result "1-0"]
[WhiteElo "1748"]
[BlackElo "1460"]
[PlyCount "129"]
[EventDate "2022.09.29"]
[EventType "swiss"]
[EventRounds "9"]
[EventCountry "OMN"]
[SourceTitle "CBM 210 Extra"]
[Source "ChessBase"]
[SourceDate "2022.11.30"]
[SourceVersion "1"]
[SourceVersionDate "2022.11.30"]
[SourceQuality "1"]

1. e4 c5 2. Nf3 e6 3. d4 cxd4 4. Nxd4 a6 5. Nc3 Qc7 6. Be2 Nf6 7. 0-0 Nc6 8. Nxc6 bxc6 9. Be3 d5 10. exd5 cxd5 11. Bf3 Bd6 12. g3 0-0 13. Qd3 Bb7 14. Rfe1 Rac8 15. Rac1 Rfd8 16. Ne2 e5 17. Bg2 Ng4 18. Bh3 h5 19. Bg5 f6 20. Bd2 Bc5 21. Rf1 Qb6 22. Qf5 Rc7 23. b4 Bf8 24. Qxh5 Nh6 25. Qg6 Kh8 26. g4 d4 27. g5 Qc6 28. f3 fxg5 29. Qxc6 Rxc6 30. Ng3 Be7 31. Rfe1 Bf6 32. Ne4 Nf7 33. a4 Bc8 34. Bf1 Bf5 35. b5 axb5 36. axb5 Rcc8 37. b6 Bxe4 38. fxe4 Rd6 39. Rb1 Rb8 40. Ba5 Nd8 41. Rb5 Nc6 42. Bd2 Nd8 43. Reb1 Rc6 44. Bd3 Nb7 45. Bb4 Nd6 46. Bxd6 Rxd6 47. b7 Kg8 48. Kf2 Kf8 49. Kf3 Ke7 50. Kg4 Rdd8 51. Bc4 Rh8 52. Kg3 Kd7 53. Bd5 Kc7 54. Rc5+ Kd6 55. Rc6+ Kd7 56. Ra6 Kc7 57. Rb5 Be7 58. Rc6+ Kd7 59. Rc4 Bd6 60. Ra5 Bc7 61. Ra6 Bd8 62. Rc8 Bf6 63. Rxh8 Rxh8 64. Ra8 Kc7 65. Rxh8 1-0